000 01104nam a2200289 i 4500
001 67175
003 ES-MaACL
005 20230906170003.0
007 t|
008 040510s1993 sp ||||1| spa d
020 _a84-7719-389-4
080 _a658.336(035.3)"17"
100 1 _aWatts, Thomas.
_9116212
245 1 0 _aEnsayo sobre el método mas idóneo para la formación del hombre de negocios
_b: 1776 /
_cThomas Watts ; introducción, J.J. Lanero ; traducción, J.C. Santoyo y S. Villoria.
260 _aLeón :
_bUniversidad,
_c1993.
300 _a31, 44, 37 p. ;
_c21 cm.
500 _aTexto original inglés y traducción en español.
534 _pReprod. facs. de la ed. de:
_c-- London : George Strahan ... [et al.], 1716.
650 1 4 _aEmpresarios-
_xFormación profesional-
_vObras anteriores a 1800.
_912207
655 7 _2tgfbne
_9226495
_aFacsímiles
700 1 _aLanero, Juan José.
_969993
700 1 _aSantoyo, Julio-César.
_9103544
700 1 _aVilloria, Secundino.
_9115273
852 _aES-MaACL
_j2176-F-3
_bR.129.698
942 _2udc
999 _c67175
_d67175